<?xml version="1.0" encoding="UTF-8"?><?xml-stylesheet type="text/xsl" href="static/style.xsl"?><OAI-PMH xmlns="http://www.openarchives.org/OAI/2.0/" xmlns:xsi="http://www.w3.org/2001/XMLSchema-instance" xsi:schemaLocation="http://www.openarchives.org/OAI/2.0/ http://www.openarchives.org/OAI/2.0/OAI-PMH.xsd"><responseDate>2026-06-03T03:38:30Z</responseDate><request verb="GetRecord" identifier="oai:riuma.uma.es:10630/15618" metadataPrefix="marc">https://riuma.uma.es/rest/oai/request</request><GetRecord><record><header><identifier>oai:riuma.uma.es:10630/15618</identifier><datestamp>2026-02-03T12:55:24Z</datestamp><setSpec>com_10630_5368</setSpec><setSpec>com_10630_3139</setSpec><setSpec>com_10630_10</setSpec><setSpec>col_10630_15557</setSpec></header><metadata><record xmlns="http://www.loc.gov/MARC21/slim" xmlns:dcterms="http://purl.org/dc/terms/" xmlns:doc="http://www.lyncode.com/xoai" xmlns:xsi="http://www.w3.org/2001/XMLSchema-instance" xsi:schemaLocation="http://www.loc.gov/MARC21/slim http://www.loc.gov/standards/marcxml/schema/MARC21slim.xsd">
   <leader>00925njm 22002777a 4500</leader>
   <datafield ind2=" " ind1=" " tag="042">
      <subfield code="a">dc</subfield>
   </datafield>
   <datafield ind2=" " ind1=" " tag="720">
      <subfield code="a">González-García, H.</subfield>
      <subfield code="e">author</subfield>
   </datafield>
   <datafield ind2=" " ind1=" " tag="720">
      <subfield code="a">Pelegrín, A.</subfield>
      <subfield code="e">author</subfield>
   </datafield>
   <datafield ind2=" " ind1=" " tag="720">
      <subfield code="a">Carballo, J</subfield>
      <subfield code="e">author</subfield>
   </datafield>
   <datafield ind2=" " ind1=" " tag="260">
      <subfield code="c">2017-07-30</subfield>
   </datafield>
   <datafield ind2=" " ind1=" " tag="520">
      <subfield code="a">Los objetivos del presente trabajo de investigación fueron, conocer cuáles son las diferencias en los niveles de personalidad resistente en función del tipo de deporte (raqueta o resistencia) y comprobar cuáles son las diferencias en los niveles de ira en función del tipo de deporte (raqueta o resistencia). La muestra total se compuso de 121 deportistas, de los cuales 58 practican deportes de resistencia y 63 deportes de raqueta. Se utilizó un cuestionario sociodemográfico ad hoc, la Escala de Personalidad Resistente en Maratonianos (EPRM), el Inventario de Expresión de la Ira Estado-Rasgo STAXI-2 y la escala de Oviedo de Infrecuencia de Respuesta (INF-OV). Los resultados mostraron diferencias significativas en el control y compromiso en favor de los deportistas de resistencia. A su vez, el control se relacionó con el deporte de resistencia. Por otro lado, los deportistas de raqueta presentaron más expresión interna de la ira y la expresión interna de la ira se relacionó con la práctica de deporte de raqueta. Se concluyó que los deportistas de resistencia presentan mayores niveles de control y compromiso que los deportistas de raqueta. Además, los deportistas de resistencia obtuvieron menores niveles de expresión interna de la ira que los deportistas de raqueta.</subfield>
   </datafield>
   <datafield ind1="8" ind2=" " tag="024">
      <subfield code="a">2255-0461</subfield>
   </datafield>
   <datafield ind1="8" ind2=" " tag="024">
      <subfield code="a">https://hdl.handle.net/10630/15618</subfield>
   </datafield>
   <datafield tag="653" ind2=" " ind1=" ">
      <subfield code="a">Ejercicio físico - Aspectos psicológicos</subfield>
   </datafield>
   <datafield ind2="0" ind1="0" tag="245">
      <subfield code="a">Ira y personalidad resistente en deportistas de raqueta y resistencia</subfield>
   </datafield>
</record>
</metadata></record></GetRecord></OAI-PMH>